000 00645nam a2200229 i 4500
001 C2-0297587
003 PPAK
005 20180728075805.0
008 090519s2007 ii a|||| ||||| | tam d
040 _aPPAK
_beng
_cPPAK
_erda
082 0 4 _a894.8113
_223
090 0 0 _a894.8113
_bARU
_dK
100 0 _aArulnambi,
_eauthor
245 1 0 _aMaaya undiyal
264 1 _aChennai, India :
_bT.S. Raamalingam, Narmadha Pathipagam ,
_c2007
300 _a140 pages :
_billustrations ;
_c18 cm
336 _2rdacontent
_atext
337 _2rdamedia
_aunmediated
338 _2rdacarrier
_avolume
650 1 0 _aShort stories, Tamil.
942 _ddc
_cB
999 _c101957
_d101957